书目信息 |
| 题名: |
罗曼诺夫王朝覆灭
|
|
| 作者: | 赫鲁斯塔廖夫 , 斯坦伯格 著 ;张蓓 译 | |
| 分册: | ||
| 出版信息: | 北京 新华出版社 1999.01 |
|
| 页数: | 447页 | |
| 开本: | 19cm | |
| 丛书名: | 回顾与反思·苏联东欧问题译丛 | |
| 单 册: | ||
| 中图分类: | K512.4 | |
| 科图分类: | ||
| 主题词: | 中欧--历史 , 东欧--历史 | |
| 电子资源: | ||
| ISBN: | 7-5011-4272-6 | |
| 000 | 00910nam0 2200277 450 | |
| 001 | 0752568531 | |
| 005 | 20071215094041.97 | |
| 010 | @a7-5011-4272-6@dCNY31.00 | |
| 100 | @a20071202d1999 km y0chiy0120 ea | |
| 101 | 0 | @achi |
| 102 | @aCN@b110000 | |
| 200 | 1 | @a罗曼诺夫王朝覆灭@Aluo man nuo fu wang chao fu mie@f(美)斯坦伯格,(俄)赫鲁斯塔廖夫著@F(mei)si tan bo ge,(e)he lu si ta liao fu zhu@g张蓓译@Gzhang bei yi |
| 210 | @a北京@c新华出版社@d1999.01 | |
| 215 | @a447页@d19cm | |
| 225 | 2 | @a回顾与反思·苏联东欧问题译丛 |
| 300 | @a内部发行 | |
| 410 | 0 | @12001 @a回顾与反思·苏联东欧问题译丛 |
| 606 | 0 | @a中欧@x历史 |
| 606 | 0 | @a东欧@x历史 |
| 690 | @aK512.4@v4 | |
| 701 | 0 | @a赫鲁斯塔廖夫@Ahe lu si ta liao fu@4著 |
| 701 | 0 | @a斯坦伯格@Asi tan bo ge@4著 |
| 702 | 0 | @a张蓓@Azhang bei@4译 |
| 801 | 0 | @aCN@b大连网信软件有限公司图书馆@c20071215 |
| 905 | @aBZT@dK512.4@e1 | |
| 906 | @dCNY31.00@n0@r1 | |
| 罗曼诺夫王朝覆灭/(美)斯坦伯格,(俄)赫鲁斯塔廖夫著/张蓓译.-北京:新华出版社,1999.01 |
| 447页;19cm.-(回顾与反思·苏联东欧问题译丛) |
| 内部发行 |
| ISBN 7-5011-4272-6:CNY31.00 |
| ● |
| 相关链接 |
|
|
|
正题名:罗曼诺夫王朝覆灭
索取号:K512.4/1
 
预约/预借
| 序号 | 登录号 | 条形码 | 馆藏地/架位号 | 状态 | 备注 |
| 1 | 635980 | 2000635980 | 中心书库南/020架B面4层4列/ [索取号:K512.4/1] | 在馆 | |
| 2 | 635981 | 2000635981 | 中心书库南/020架B面4层4列/ [索取号:K512.4/1] | 在馆 | |
| 3 | 635982 | 2000635982 | 中心书库南/020架B面4层4列/ [索取号:K512.4/1] | 在馆 | |
| 4 | 635983 | 2000635983 | 中心书库南/020架B面4层4列/ [索取号:K512.4/1] | 在馆 | |
| 5 | 635984 | 2000635984 | 中心书库南/020架B面4层4列/ [索取号:K512.4/1] | 在馆 |